00780nam a2200193 a 4500003000200000005001700002008004100019050002800060100002600088245009000114260009200204300004800296504004100344650003000385650004100415650004400456650004400500650004200544020250415091212.0970101s19uu xx 00 eng d aPGS PN 6714b.C357 2004 aCatarungan, Cristina. aThe effects of reading "Witch" on grade six students behavior /cCristina Catarungan. aLas Piñas City, Philippines : bSouthville International School and Colleges,c2004. a28 pages :bcolored illustrations ;c28 cm. aIncludes bibliographical references. aW.I.T.C.H. (Comic strip). aComic booksvPsychological aspects.  aChildrenvBooks and readingvEffects.  aStudent behaviorvPrint media influence aReading materialsvBehavioral impact.